Statistiques concernant Personnalités francophones en T

Cliquez ici pour prendre le quiz!

Statistiques générales

  • Ce quiz a été pris 9 948 fois
  • Le résultat moyen est 7 sur 16

Statistiques - réponses

Réponse% Correct
Jo-Wilfried Tsonga
78%
Christiane Taubira
77%
Bernard Tapie
76%
Arnaud Tsamère
68%
Afida Turner
62%
Lilian Thuram
62%
Sylvie Tellier
57%
Audrey Tautou
49%
Patrick Timsit
49%
Bruce Toussaint
31%
Valérie Trierweiler
27%
Laury Thilleman
26%
Charles Trenet
22%
Augustin Trapenard
16%
Jean-Louis Trintignant
14%
Doria Tillier
11%

Distribution des résultats

Percentile par nombre de réponses

% des personnes avec chaque résultat

Votre développement - résultats

Vous n’avez pas pris ce quiz